000 00826nam a22001697a 4500
003 OSt
005 20251124164142.0
008 251124b |||||||| |||| 00| 0 eng d
040 _cDCL
082 _a၂၉၄.၃၈၂၃၅၂
130 _aတိပိဋက။
_pသုတ္တန္တပိဋက။
_pခုဒ္ဒကနိကာယ။
_tဝိမာနဝတ္ထု၊
_lအဋ္ဌကထာ။
245 _aဝိမာနအဋ္ဌကထာ။
264 _aရန်ကုန် ၊
_bနိုင်ငံတော်ဗုဒ္ဓသာသနာအဖွဲ့၊
_c၁၉၅၈။
300 _aဃ၊ ၄၂၇ စာမျက်နှာ ၊
_c၂၅ စင်တီ။
650 _aဝိမာနဝတ္ထု
_vအဋ္ဌကထာ။
942 _2ddc
_cSHORT TERM
_n0
999 _c2613
_d2613